All North Carolina Cities on a Map - Statistics

General Stats
  • This quiz has been taken 22 times
  • The average score is 89 of 768
Answers on the Map
Answers color-coded by a green-red scale on the quiz's map according to % correct below.
 
Answer Stats
City Population % Correct
Charlotte 943,476
100%
Raleigh 499,825
100%
Asheville 94,992
94%
Durham 301,870
94%
Greensboro 307,381
94%
Wilmington 125,284
82%
Winston-Salem 255,769
82%
Cary 182,659
76%
Chapel Hill 64,028
76%
Greenville 95,138
76%
Fayetteville 209,496
71%
High Point 118,601
71%
Gaston 967
65%
Hickory 45,081
65%
Apex 75,977
59%
Boone 20,080
59%
Concord 112,395
59%
Gastonia 85,535
59%
Goldsboro 34,629
59%
Jackson 413
59%
Rocky Mount 54,541
59%
Burlington 61,365
53%
Elizabeth City 19,028
53%
Falcon 395
53%
Henderson 14,807
53%
Indian Trail 43,867
53%
Jacksonville 70,840
53%
Kitty Hawk 3,691
53%
Monroe 40,054
53%
Wake Forest 56,764
53%
Wilson 48,579
53%
Cherokee 1,631
47%
Fuquay-Varina 46,317
47%
Lexington 19,904
47%
Lumberton 18,882
47%
Ruth 358
47%
Rutherfordton 3,718
47%
Shelby 22,778
47%
Washington 9,738
47%
Asheboro 27,928
41%
Bryson City 1,522
41%
Carolina Beach 6,864
41%
Hendersonville 15,656
41%
Jefferson 1,648
41%
Kannapolis 60,521
41%
Lenoir 18,280
41%
Mooresville 52,884
41%
Morrisville 32,628
41%
Murphy 1,693
41%
Nashville 5,850
41%
New Bern 34,218
41%
Roanoke Rapids 14,573
41%
Rockingham 8,802
41%
Salisbury 36,579
41%
Statesville 31,693
41%
Waynesville 10,709
41%
Belmont 16,044
35%
Boiling Springs 4,759
35%
Brevard 7,973
35%
Graham 19,311
35%
Holly Springs 48,674
35%
Huntersville 67,087
35%
Lake Lure 1,390
35%
Matthews 32,048
35%
Mount Airy 10,583
35%
Pinehurst 18,502
35%
Salem 2,035
35%
Sanford 32,971
35%
Thomasville 27,605
35%
Waxhaw 23,178
35%
Albemarle 17,344
29%
Beaufort 4,895
29%
Black Mountain 8,572
29%
Clayton 31,732
29%
Cornelius 34,366
29%
Davidson 16,276
29%
Duck 742
29%
Eden 15,399
29%
Flat Rock 1,141
29%
Forest City 7,397
29%
Kernersville 28,760
29%
Kill Devil Hills 7,742
29%
King 7,764
29%
Kinston 19,519
29%
Lincolnton 12,353
29%
Madison 2,176
29%
McAdenville 936
29%
Mebane 20,654
29%
Morehead City 9,963
29%
Morganton 17,825
29%
Nags Head 3,106
29%
Oak Island 9,322
29%
Smithfield 12,806
29%
Sparta 1,894
29%
Troy 2,978
29%
Wade 649
29%
Whiteville 4,688
29%
Wilkesboro 3,620
29%
Wrightsville Beach 2,411
29%
Yadkinville 3,026
29%
Atlantic 541
24%
Atlantic Beach 1,421
24%
Bayboro 1,128
24%
Bessemer City 5,730
24%
Blowing Rock 1,336
24%
Bolivia 254
24%
Burnsville 1,626
24%
Butner 8,134
24%
Carrboro 21,079
24%
Cherryville 6,385
24%
China Grove 4,610
24%
Columbus 1,041
24%
Denver 2,483
24%
Dunn 8,754
24%
Edenton 4,492
24%
Emerald Isle 4,001
24%
Fletcher 8,251
24%
Franklin 4,362
24%
Harrisburg 20,335
24%
Hillsborough 9,773
24%
Holden Beach 919
24%
Knightdale 21,829
24%
Kure Beach 2,154
24%
Laurinburg 15,130
24%
Leland 34,451
24%
Louisburg 3,423
24%
Maggie Valley 1,742
24%
Manteo 1,595
24%
Marshville 2,710
24%
North Wilkesboro 4,412
24%
Pineville 11,567
24%
Plymouth 3,190
24%
Roxboro 8,289
24%
Siler City 8,087
24%
Southern Pines 16,987
24%
Tarboro 10,954
24%
Taylorsville 2,294
24%
Wadesboro 4,965
24%
Weaverville 4,799
24%
West Jefferson 1,341
24%
Williamston 5,066
24%
Yanceyville 1,811
24%
Ahoskie 4,665
18%
Alamance 1,043
18%
Ansonville 441
18%
Archdale 12,147
18%
Avon 364
18%
Ayden 5,190
18%
Bakersville 453
18%
Bald Head Island 278
18%
Banner Elk 1,186
18%
Bath 241
18%
Bladenboro 1,642
18%
Burgaw 3,825
18%
Buxton 1,451
18%
Calabash 2,975
18%
Carthage 2,999
18%
Castle Hayne 978
18%
Catawba 729
18%
Clinton 8,317
18%
Columbia 605
18%
Creedmoor 5,049
18%
Cullowhee 7,300
18%
Dallas 6,270
18%
Davis 290
18%
Dobson 1,469
18%
Ellenboro 741
18%
Elon 11,282
18%
Farmville 4,547
18%
Garner 39,345
18%
Gatesville 260
18%
Grover 811
18%
Halifax 160
18%
Hampstead 9,129
18%
Hatteras 381
18%
Hertford 1,992
18%
Icard 2,291
18%
Jonesville 2,334
18%
Kings Mountain 11,797
18%
Kingstown 664
18%
Lawndale 574
18%
Lowell 3,863
18%
Marion 7,534
18%
Marshall 812
18%
Mars Hill 2,208
18%
Mint Hill 28,825
18%
Mount Holly 18,723
18%
Newport 4,501
18%
Newton 13,571
18%
Oriental 903
18%
Oxford 8,972
18%
Pilot Mountain 1,430
18%
Pittsboro 4,989
18%
Reidsville 14,646
18%
Robbins 1,270
18%
Rodanthe 306
18%
Saluda 653
18%
Shallotte 5,161
18%
Snow Hill 1,576
18%
Southport 4,341
18%
Spindale 4,168
18%
Surf City 4,961
18%
Swannanoa 6,043
18%
Swansboro 4,165
18%
Sylva 2,694
18%
Topsail Beach 500
18%
Trenton 246
18%
Tryon 1,611
18%
Unionville 7,258
18%
Wallace 3,531
18%
Warrenton 834
18%
Waves 147
18%
Weddington 14,391
18%
Zebulon 10,505
18%
Advance 1,544
12%
Andrews 1,762
12%
Angier 8,284
12%
Arapahoe 429
12%
Aurora 451
12%
Badin 1,871
12%
Bailey 588
12%
Beech Mountain 658
12%
Belhaven 1,406
12%
Benson 4,534
12%
Bethel 1,407
12%
Beulaville 1,160
12%
Biscoe 1,895
12%
Bostic 362
12%
Brunswick 959
12%
Buies Creek 3,613
12%
Bunn 374
12%
Camden 1,072
12%
Canton 4,422
12%
Carolina Shores 5,463
12%
Casar 307
12%
Cashiers 825
12%
Caswell Beach 387
12%
Cleveland 887
12%
Conway 708
12%
Danbury 188
12%
Dover 347
12%
East Flat Rock 6,468
12%
Elizabethtown 3,290
12%
Elkin 4,094
12%
Fairview 6,102
12%
Franklinton 2,825
12%
Frisco 613
12%
Granite Falls 4,942
12%
Hamilton 294
12%
Havelock 17,407
12%
Hobgood 260
12%
Jamestown 3,773
12%
Kenansville 773
12%
Kenly 1,687
12%
Lake Junaluska 2,903
12%
Lake Waccamaw 1,227
12%
Lilesville 392
12%
Lillington 4,848
12%
Linville 437
12%
Macon 106
12%
Maiden 3,854
12%
McLeansville 740
12%
Midland 5,027
12%
Mineral Springs 3,456
12%
Mocksville 6,224
12%
Mooresboro 299
12%
Mount Olive 4,498
12%
Mount Pleasant 1,776
12%
Murfreesboro 2,277
12%
North Topsail Beach 1,081
12%
Ocean Isle Beach 962
12%
Ocracoke 709
12%
Ogden 8,363
12%
Old Fort 833
12%
Pantego 161
12%
Peachland 390
12%
Pembroke 2,864
12%
Pine Level 2,347
12%
Polkton 2,698
12%
Richlands 2,446
12%
Robbinsville 578
12%
Rocky Point 1,045
12%
Rose Hill 1,407
12%
Rougemont 877
12%
Salvo 219
12%
Selma 7,228
12%
Sharpsburg 1,774
12%
St. James 7,315
12%
Stokes 198
12%
Summerfield 11,333
12%
Sunset Beach 4,521
12%
Swan Quarter 353
12%
Valdese 4,713
12%
Vanceboro 866
12%
Waco 314
12%
Wendell 16,845
12%
Wingate 4,517
12%
Winterville 10,899
12%
Woodfin 8,158
12%
Aberdeen 9,573
6%
Alexis 635
6%
Alliance 749
6%
Altamahaw 568
6%
Atkinson 346
6%
Aulander 718
6%
Autryville 174
6%
Balfour 1,132
6%
Bayview 317
6%
Belvoir 228
6%
Belwood 873
6%
Bennett 273
6%
Bethania 361
6%
Biltmore Forest 1,462
6%
Bogue 715
6%
Boiling Spring Lakes 6,738
6%
Bolton 383
6%
Boonville 1,215
6%
Bridgeton 349
6%
Broadway 1,362
6%
Brookford 449
6%
Calypso 336
6%
Cameron 262
6%
Candor 823
6%
Cape Carteret 2,288
6%
Caroleen 261
6%
Cedar Point 1,833
6%
Chadbourn 1,528
6%
Chimney Rock Village 138
6%
Chocowinity 748
6%
Clarkton 605
6%
Clemmons 22,471
6%
Cliffside 630
6%
Clyde 1,377
6%
Coinjock 298
6%
Colerain 203
6%
Conetoe 200
6%
Connelly Springs 1,545
6%
Conover 8,760
6%
Cramerton 5,604
6%
Deep Run 548
6%
Delco 117
6%
Denton 1,580
6%
Dobbins Heights 688
6%
Dortches 1,083
6%
Drexel 1,777
6%
Dublin 264
6%
Earl 208
6%
Eastover 3,710
6%
East Spencer 1,625
6%
Edneyville 2,698
6%
Efland 1,064
6%
Ellerbe 841
6%
Elm City 1,223
6%
Enfield 1,791
6%
Engelhard 230
6%
Etowah 7,765
6%
Eureka 203
6%
Fair Bluff 728
6%
Fairfield 276
6%
Fairmont 2,212
6%
Faison 811
6%
Faith 836
6%
Fallston 639
6%
Forest Hills 318
6%
Foscoe 1,257
6%
Fountain 389
6%
Four Oaks 2,681
6%
Fremont 1,207
6%
Gamewell 3,699
6%
Gold Hill 401
6%
Governors Club 1,772
6%
Grandy 2,443
6%
Grantsboro 718
6%
Grifton 2,514
6%
Grimesland 401
6%
Half Moon 7,780
6%
Hamlet 5,888
6%
Hayesville 481
6%
Highlands 1,119
6%
High Shoals 626
6%
Hobucken 6
6%
Holly Ridge 5,766
6%
Hope Mills 18,102
6%
Horse Shoe 1,699
6%
Hudson 3,771
6%
Indian Beach 231
6%
Iron Station 722
6%
James City 4,859
6%
Kelford 204
6%
Kelly 706
6%
La Grange 2,922
6%
Landis 3,838
6%
Lansing 129
6%
Lattimore 449
6%
Laurel Park 2,319
6%
Lewisville 14,203
6%
Light Oak 321
6%
Linden 138
6%
Littleton 539
6%
Locust 5,992
6%
Long View 5,289
6%
Love Valley 175
6%
Lowgap 226
6%
Lumber Bridge 85
6%
Magnolia 867
6%
Manns Harbor 972
6%
Marvin 6,985
6%
Maxton 2,136
6%
Maysville 843
6%
McDonald 95
6%
Middlesex 960
6%
Mills River 7,426
6%
Minnesott Beach 544
6%
Misenheimer 657
6%
Montreat 1,044
6%
Morven 327
6%
Mount Gilead 1,185
6%
Moyock 5,669
6%
Murraysville 17,307
6%
Navassa 1,776
6%
Nebo 1,608
6%
Newland 733
6%
New London 648
6%
Norman 97
6%
Northwest 1,037
6%
Norwood 2,520
6%
Orrum 61
6%
Ossipee 569
6%
Parkton 504
6%
Patterson Springs 581
6%
Pikeville 729
6%
Pine Knoll Shores 1,435
6%
Pink Hill 456
6%
Polkville 524
6%
Porters Neck 7,102
6%
Princeton 1,507
6%
Raeford 4,578
6%
Ramseur 1,790
6%
Ranlo 4,756
6%
Raynham 63
6%
Red Oak 3,480
6%
Red Springs 3,181
6%
Rhodhiss 987
6%
Rockwell 2,390
6%
Rolesville 11,854
6%
Rosman 751
6%
Ruffin 501
6%
Salemburg 462
6%
Sawmills 5,059
6%
Saxapahaw 1,501
6%
Scotland Neck 1,592
6%
Sedalia 695
6%
Seven Devils 316
6%
Simpson 403
6%
Smithtown 168
6%
Sneads Ferry 2,556
6%
Southern Shores 3,127
6%
Spencer 3,406
6%
Springdale 1,120
6%
Spring Hope 1,358
6%
Spruce Pine 2,192
6%
Stallings 17,617
6%
Stanley 4,147
6%
Stem 1,018
6%
St. Pauls 2,081
6%
Sugar Mountain 382
6%
Swepsonville 2,582
6%
Tabor City 3,831
6%
Tar Heel 90
6%
Teachey 483
6%
Trinity 7,190
6%
Troutman 4,234
6%
Vandemere 200
6%
Vass 1,035
6%
Walkertown 6,027
6%
Walnut Cove 1,603
6%
Wanchese 1,793
6%
Warsaw 2,803
6%
Washington Park 382
6%
Webster 388
6%
Wentworth 2,748
6%
West Marion 1,018
6%
Whispering Pines 5,416
6%
White Oak 145
6%
Windsor 3,268
6%
Winton 597
6%
Woodland 529
6%
Woodlawn 996
6%
Wrightsboro 5,434
6%
Youngsville 2,375
6%
Anderson Creek 14,021
0%
Aquadale 357
0%
Archer Lodge 5,522
0%
Arrowhead Beach 1,277
0%
Ashley Heights 301
0%
Askewville 172
0%
Avery Creek 2,998
0%
Barker Heights 1,025
0%
Barker Ten Mile 976
0%
Barnardsville 431
0%
Bayshore 2,870
0%
Bear Grass 84
0%
Bell Arthur 649
0%
Belville 3,255
0%
Bent Creek 1,854
0%
Bermuda Run 3,290
0%
Bethlehem 3,928
0%
Black Creek 698
0%
Blue Clay Farms 179
0%
Boardman 161
0%
Bonnetsville 1,368
0%
Bowdens 88
0%
Bowmore 50
0%
Brandywine Bay 1,404
0%
Briar Chapel 6,084
0%
Brices Creek 3,592
0%
Broad Creek 1,963
0%
Brogden 2,712
0%
Bunnlevel 806
0%
Butters 77
0%
Cajah's Mountain 2,699
0%
Cape Colony 470
0%
Carolina Meadows 536
0%
Castalia 275
0%
Cedar Rock 299
0%
Centerville 136
0%
Cerro Gordo 143
0%
Cherry Branch 1,406
0%
Chowan Beach 407
0%
Claremont 1,753
0%
Coats 2,317
0%
Cofield 259
0%
Como 64
0%
Cooleemee 987
0%
Cordova 1,343
0%
Cove City 384
0%
Cove Creek 1,533
0%
Creswell 203
0%
Cricket 2,512
0%
Crossnore 151
0%
Crouse 358
0%
Cypress Landing 1,037
0%
Dana 3,824
0%
Deercroft 419
0%
Dellview 25
0%
Delway 84
0%
Dillsboro 216
0%
Dudley 2,320
0%
Dundarrach 38
0%
East Arcadia 418
0%
East Bend 640
0%
East Laurinburg 315
0%
East Rockingham 3,177
0%
Elk Park 555
0%
Elrod 245
0%
Elroy 3,507
0%
Emma 2,757
0%
Enochville 3,392
0%
Erwin 4,865
0%
Everetts 144
0%
Evergreen 381
0%
Fairfield Harbour 2,898
0%
Fairplains 1,876
0%
Falkland 48
0%
Farmington 174
0%
Fearrington Village 2,535
0%
Five Points 1,096
0%
Fontana Dam 11
0%
Forest Oaks 4,095
0%
Foxfire 1,401
0%
Franklinville 1,245
0%
Fruitland 2,417
0%
Garland 614
0%
Garysburg 867
0%
Germanton 851
0%
Gerton 196
0%
Gibson 456
0%
Gibsonville 9,744
0%
Glen Alpine 1,532
0%
Glen Raven 3,684
0%
Glenville 130
0%
Glenwood 181
0%
Gloucester 514
0%
Godwin 156
0%
Goldston 256
0%
Gorman 1,447
0%
Governors Village 2,148
0%
Graingers 32
0%
Granite Quarry 3,107
0%
Greenevers 587
0%
Green Level 3,362
0%
Gulf 185
0%
Hallsboro 145
0%
Harkers Island 1,080
0%
Harmony 613
0%
Harrells 163
0%
Harrellsville 82
0%
Hassell 47
0%
Haw River 2,391
0%
Hays 1,355
0%
Hemby Bridge 1,750
0%
Henrietta 413
0%
Hiddenite 237
0%
Hightsville 707
0%
Hildebran 1,680
0%
Hoffman 422
0%
Hollister 897
0%
Hookerton 416
0%
Hoopers Creek 1,623
0%
Hot Springs 543
0%
Ingold 667
0%
Ivanhoe 268
0%
JAARS 769
0%
Jackson Heights 1,002
0%
Jackson Springs 203
0%
Jamesville 410
0%
Keener 264
0%
Kings Grant 9,061
0%
Kittrell 125
0%
Lake Norman of Catawba 9,308
0%
Lake Park 3,582
0%
Lake Royale 2,959
0%
Lake Santeetlah 41
0%
Lasker 57
0%
Laurel Hill 916
0%
Leggett 35
0%
Lewiston Woodville 412
0%
Liberty 2,715
0%
Long Creek 209
0%
Lowesville 3,737
0%
Lucama 1,060
0%
Macclesfield 407
0%
Mamers 636
0%
Marble 377
0%
Marietta 106
0%
Mar-Mac 2,802
0%
Marshallberg 435
0%
Maury 1,069
0%
Mayodan 2,478
0%
McFarlan 92
0%
Mesic 143
0%
Micro 530
0%
Middleburg 103
0%
Midway 5,053
0%
Millers Creek 1,469
0%
Millingport 455
0%
Milton 152
0%
Milwaukee 147
0%
Momeyer 286
0%
Moncure 877
0%
Moravian Falls 1,015
0%
Mountain Home 3,518
0%
Mountain View 3,068
0%
Mulberry 2,134
0%
Myrtle Grove 12,404
0%
Neuse Forest 2,406
0%
New Hope 1,200
0%
Newton Grove 595
0%
Norlina 930
0%
Northchase 5,879
0%
Northlakes 1,462
0%
Oakboro 2,270
0%
Oak City 264
0%
Oak Ridge 7,900
0%
Old Hundred 259
0%
Parmele 243
0%
Peletier 803
0%
Pinebluff 1,540
0%
Pinetops 1,196
0%
Pinetown 18
0%
Piney Green 14,205
0%
Pinnacle 416
0%
Plain View 1,647
0%
Pleasant Garden 5,151
0%
Pleasant Hill 849
0%
Pollocksville 271
0%
Potters Hill 548
0%
Powellsville 179
0%
Princeville 1,286
0%
Proctorville 121
0%
Prospect 850
0%
Pumpkin Center 1,753
0%
Raemon 257
0%
Randleman 4,692
0%
Red Cross 819
0%
Rennert 288
0%
Rex 55
0%
Richfield 614
0%
Rich Square 849
0%
Riegelwood 539
0%
River Bend 2,882
0%
River Road 3,518
0%
Roberdel 227
0%
Robersonville 1,229
0%
Rockfish 3,807
0%
Ronda 442
0%
Roper 469
0%
Roseboro 1,170
0%
Rowland 894
0%
Roxobel 175
0%
Royal Pines 4,528
0%
Rural Hall 3,562
0%
Rutherford College 1,228
0%
Sandy Creek 290
0%
Sandyfield 439
0%
Saratoga 352
0%
Scotch Meadows 506
0%
Seaboard 507
0%
Sea Breeze 1,731
0%
Seagrove 239
0%
Seven Lakes 4,823
0%
Seven Springs 57
0%
Severn 177
0%
Shannon 87
0%
Silver City 789
0%
Silver Lake 6,242
0%
Sims 345
0%
Skippers Corner 3,834
0%
South Henderson 1,274
0%
South Mills 294
0%
Southmont 1,293
0%
South Rosemary 2,522
0%
South Weldon 688
0%
Speed 65
0%
Spout Springs 11,073
0%
Spring Lake 11,530
0%
Staley 408
0%
Stanfield 1,709
0%
Stantonsburg 765
0%
Star 822
0%
Stedman 1,303
0%
St. Helena 437
0%
Stokesdale 6,111
0%
Stoneville 1,351
0%
Stonewall 219
0%
Stony Point 1,301
0%
Stovall 340
0%
St. Stephens 9,409
0%
Sunbury 264
0%
Taylortown 687
0%
Toast 1,066
0%
Tobaccoville 2,740
0%
Trent Woods 4,047
0%
Turkey 218
0%
Tyro 3,635
0%
Valle Crucis 243
0%
Valley Hill 2,540
0%
Vander 1,614
0%
Vann Crossroads 313
0%
Varnamtown 528
0%
Wagram 614
0%
Wakulla 175
0%
Wallburg 3,255
0%
Walnut Creek 1,103
0%
Walstonburg 196
0%
Watha 221
0%
Welcome 3,649
0%
Weldon 1,372
0%
Wesley Chapel 9,495
0%
West Canton 1,369
0%
Westport 5,079
0%
Whitakers 648
0%
White Lake 852
0%
White Plains 876
0%
Whitsett 604
0%
Wilson's Mills 2,913
0%
Winfall 571
0%
Yadkin College 354
0%
No matching quizzes found
Score Distribution
Percent of People with Each Score
Percentile by Number Answered
Your Score History
You have not taken this quiz